Quizzes
Events
Quiz Creation
Community
Videos
Private Events
Remove Ads
Sign In
Join for FREE
Feedback
Dark Mode
Quiz Categories
Sports
Geography
Music
Movies
Television
Just For Fun
Miscellaneous
History
Literature
Language
Science
Gaming
Entertainment
Religion
Holiday
For Kids
Quiz Lab
Recent
Popular Today
Quiz Kudos Today
Editor Picks
Curator Picks
Quizzes by...
Day
Popularity
Type
Ratings
Length
Year
Community
Subscriptions
Recent Discussions
Orange Saloon
Badges
Playlists
Quests
Create
Leaderboards
Showdown
Live 5
Trivia Bingo
Activity
Puzzle Library
Sporcle Events
Private Events
Virtual Trivia
Globe League
Become a Host
Pub Owners
SporcleCon
Opinionation
Our Games
Videos
Blog
Mobile Apps
Partnerships
Remove Ads and Go Orange
Feedback
Geography
Country
Landmarks
City
State
Population
World
Capital
Continent
Flags
Europe
Africa
Asia
South America
North America
Oceania
Border
Canada
United Kingdom
Topography
United States
Geography
Country
Landmarks
City
State
Population
World
Capital
Continent
Flags
Europe
Africa
Asia
South America
North America
Oceania
Border
Canada
United Kingdom
Topography
United States
Random Quiz
Search Sporcle
×
Quiz Lab
Quiz Lab
Geography
Country
Type in answers that appear in a list
Type in answers that appear in a list
Classic
Best Score? Go Orange.
Countries with Old Heads of State Stats
Can you name the countries whose heads of state are 80 or older?
By
BigFlax
3m
11 Questions
73 Plays
73 Plays
73 Plays
Comments
Comments
Give Quiz Kudos
Give Quiz Kudos
-
- Ratings
hide this ad
More Info
Replay
Link that replays current quiz
Next Quiz
Link to next quiz in quiz playlist
You Got
0%
They Got
Avg Score
82%
Avg Friend Score
Upgrade to see
Score Distribution
Jump to the score distribution portion of the page
Score
0/11
Timer
03:00
0
Plays Today
Head of State
Country
% Correct
Emperor Akihito
Japan
98.6%
Queen Elizabeth II
United Kingdom (and 15 others)
98.6%
King Abdullah
Saudi Arabia
97.3%
President Raúl Castro
Cuba
94.5%
President Karolos Papoulias
Greece
93.2%
President Robert Mugabe
Zimbabwe
91.8%
President Giorgio Napolitano
Italy
84.9%
Sheikh Sabah Al-
Ahmad Al-
Jaber Al-
Sabah
Kuwait
79.5%
King Bhumibol Adulyadej
Thailand
67.1%
Yang di-
Pertuan Agong Abdul Halim of Kedah
Malaysia
53.4%
President Paul Biya
Cameroon
47.9%
Quiz Playlist
Details
Report
Send in Message
Add To Playlist
More Info:
Heads of state and ages are accurate as of September 12, 2014.
Classic:
Type in answers that appear in a list
Quiz Source
Last Updated: Feb 16, 2017
Quiz Scoreboard
CHALLENGE
Sign Up to Join the Scoreboard
Show All
Scores
Hide
Comments
May contain spoilers
Recently Published
Presidents Visiting Landmarks
by Hejman
History
7m
An Introduction to Baseball
by treessimontrees
Sports
5m
Movies - When Are They Set?
by FPL_Elf
Movies
5m
More to Explore
Quiz From the Vault
Featured Blog Post
Where Did the Easter Bunny Come From?
hide this ad
You Might Also Like...
Tags
Country Quiz
State Quiz
Age
old
Today's Top Quizzes in Geography
Browse Geography
hide this ad
Today's Top Quizzes in Country
Browse Country
Top Contributed Quizzes in Geography
1
Countries of the World - No Outlines Minefield
2
Top 25 Cities of France on a map
3
Any capital of a 'B' country per Continent
4
Closest Countries to UK A-Z
5
Any capital of a 'C' country per Continent
6
One Thing in Common: United Kingdom
7
Any capital of a 'D' country per Continent
8
Find the Provinces of Canada - No Outlines Minefield
9
5-to-1: US Geography No Hints
10
Any capital of an 'E' country per Continent
Explore More
Trending Topics
Anime
Crossword
Kpop
NBA
Harry Potter
Marvel
Disney
WWE
NFL
Pokémon
Country
Puzzle
Song
Soccer
The Office
hide this ad
More By:
BigFlax
Quiz
Plays
Rating
Category
Featured
Created
US Top 50 Skylines
18,899
4.41
Geography
May 5, 2014
Chicago El Stations
4,100
4.32
Miscellaneous
Sep 29, 2009
Largest 'City' Cities
4,021
3.47
Geography
Oct 1, 2009
NCAA Tournament Upsets
2,557
4.00
Sports
Sep 23, 2009
Chicago Half-Mile Streets
1,827
4.20
Geography
Oct 2, 2009
Go to Creator's Profile
Score Distribution
Quiz Creator Spotlight
BigFlax
Follow
Send a Message
Quizzes Created
-
Created Quiz Play Count
-
More By This Creator
Popular Quizzes Today
1
Find the US States - No Outlines Minefield
2
Find the Countries of Europe - No Outlines Minefield
3
The Countries of the World
4
Find the US States
5
Popular People in 1961
6
US States
7
Risky Map Clicking: Biggest States A-Z
8
1-10 Letter E Words III
More Geography Quizzes
4 to 1 Blitz: Belgium
Quiz Lab
Trending Quizzes
Risky Map Clicking: Least Populous States A-Z
1-10 Letter G Words
1-10 Letter F Words
Risky Map Clicking: Next State Alphabetically
Risky Map Clicking: Biggest States A-Z
Recently Updated
Leaping Animals
pecheneg
Reality TV Shows (A-Z)
bhenderson79
Rickey Henderson's Hall of Fame Teammates
pecheneg
Champions League XIs: Arsenal
pecheneg
Quick Pick: Celebrities in WWE's Hall of Fame
aduchscher
A-Z Keypad Blitz II
pecheneg
Multiple Oscar Actors
pecheneg
Mystery Phrase Blitz: Oscar 'Best Actors'
pecheneg
F. Scott Fitzgerald Novels
LTH
Pick 3 Villains
ddd62291
Trending Topics
Harry Potter
Disney
Marvel
Kpop
Crossword
Anime
NBA
The Office
WWE
Country
Soccer
NFL
Song
Puzzle
Pokémon
Your Account Isn't Verified!
In order to create a playlist on Sporcle, you need to verify the email address you used during registration. Go to your
Sporcle Settings
to finish the process.
Report this User
Report this user for behavior that violates our
Community Guidelines
.
Details:
Send Report
Go to the Sporcle.com Mobile Site →
Comments